Miasta u progu 21 wieku Materialy z 5. Miedzyuczelnianej Konferencji Naukowej zorganizowanej przez Zaklad Gospodarki Miejskiej i Uslug w Jeleniej Górze w dniach 9-11.11.1989 r.

Salvato in:
Dettagli Bibliografici
Natura: Libro
Lingua:polacco
Pubblicazione: Wroclaw Akademia Ekon. im. Oskara Langego 1991
Edizione:1. wyd.
Serie:Prace naukowe Nr.556
Tags: Aggiungi Tag
Nessun Tag, puoi essere il primo ad aggiungerne!!

MARC

LEADER 00000nam a2200000 4500
001 c036195
005 20221214094220.6
041 0 |a pol 
044 |a PL 
245 1 0 |a Miasta u progu 21 wieku  |b Materialy z 5. Miedzyuczelnianej Konferencji Naukowej zorganizowanej przez Zaklad Gospodarki Miejskiej i Uslug w Jeleniej Górze w dniach 9-11.11.1989 r. 
250 |a 1. wyd. 
264 1 |a Wroclaw  |b Akademia Ekon. im. Oskara Langego  |c 1991 
300 |a 105 s. 
490 1 |a Prace naukowe  |v Nr.556 
830 0 |a Prace naukowe  |v Nr.556